¿Qué estaciones son de la línea 12 del Metro de madrid? (muerte subita - Estadísticas

Estadísticas generales
  • Esta prueba ha sido intentada 142 veces
    17 desde el último reinicio
  • La puntuación promedio es 7 de 16
Answers on the Grid
Answers color-coded by a green-red scale on the quiz's grid according to % correct below.
Puerta de Arganda
Los Espartales
Getafe Central
Hospital infanta Sofía
Juan de la Cierva
Lago
Usera
El Carrascal
Leganés Central
Carabanchel
San Nicasio
Hospital Severo Ochoa
Móstoles Central
Legazpi
Pradillo
Getafe Industrial
Gran Via
Hospital de Móstoles
Manuela Malasaña
Loranca
Villaverde Alto
Conservatorio
Cuatro vientos
Villaverde Bajo
La Fortuna
Universidad Rey Juan Carlos
Aviación Española
Colonia Jardín
El Casar
Eugenia de Montijo
El Bercial
Oporto
 
Estadísticas de respuestas
Respuesta % Correcto
Getafe Central
78%
Móstoles Central
78%
Leganés Central
67%
Juan de la Cierva
56%
Los Espartales
56%
El Casar
44%
San Nicasio
44%
Universidad Rey Juan Carlos
44%
Conservatorio
33%
El Bercial
33%
Hospital de Móstoles
33%
Hospital Severo Ochoa
33%
Manuela Malasaña
33%
Pradillo
33%
El Carrascal
22%
Loranca
22%
No se encontraron pruebas coincidentes
Distribución de puntuación
Porcentaje de gente con cada puntuación
Porcentaje por número respondido
Historial de tus puntuaciones
No has intentado esta prueba desde el último reinicio